Marketing a kereskedelmi akadémia számára

Bibliographic Details
Main Authors: Zámečníková, Zuzana (Author), Rajt, Štefan, 1932- (Author)
Other Authors: Szilvássy, László (Translator)
Format: Book
Language:Hungarian
Slovak
PhysicalDescription:164 strán grafy, schémy, tabuľky 30 cm
Published: Bratislava Slovenské pedagogické nakladateľstvo 2019
ISBN:9788010034383
Edition:Második kiadás
Subjects:

MARC

LEADER 00000cam a2200000 4500
001 vtls011889169
003 SK-MaSNL
005 20260301225353.0
008 200507s2019 xo d drp 000 0 hun
015 |a SNBA2019/10 
020 |a 9788010034383  |q (brožované) 
035 |a urn:nbn:sk:snk-am00dws0 
035 |a urn:nbn:sk:snk-am3i7yj 
035 |a DCF8CDDD-C425-4C3A-9659-BE3AF655EE1E 
040 |a SNK  |b slo  |c SNK  |e rda 
041 1 |a hun  |h slo 
044 |a xo  |c SK 
072 7 |a 658  |x Riadenie a správa podniku  |2 konspekt 
080 |a (075.3)  |2 2011 
080 |a 339.138  |2 2011 
100 1 |a Zámečníková, Zuzana  |4 aut  |9 306721 
245 1 0 |a Marketing a kereskedelmi akadémia számára  |c Zuzana Zámečníková, Štefan Rajt 
246 1 1 |a Marketing pre obchodné akadémie 
250 |a Második kiadás 
264 1 |a Bratislava  |b Slovenské pedagogické nakladateľstvo  |c 2019 
300 |a 164 strán  |b grafy, schémy, tabuľky  |c 30 cm 
336 |a text  |b txt  |2 rdacontent 
337 |a bez média  |b n  |2 rdamedia 
338 |a zväzok  |b nc  |2 rdacarrier 
500 |a Preložil László Szilvássy 
546 |a Súbežný názov v slovenčine ; tiráž aj v slovenčine 
650 0 7 |a marketing  |2 SNKPH  |9 2299 
650 0 7 |a marketing  |2 SNKPHeng  |9 2299 
655 7 |a učebnice stredných škôl  |2 SNKPH  |9 69323 
655 7 |a Secondary school textbooks  |2 SNKPHeng  |9 135487 
700 1 |a Rajt, Štefan,  |d 1932-  |4 aut  |9 205465 
700 1 |a Szilvássy, László  |4 trl  |9 47086 
919 |a 978-80-10-03438-3 
958 |a OP 
968 |b SLO 
999 |c 950641  |d 952571 
952 |a SNK  |b SNK  |y PREZ  |7 0  |p 17A1391001  |o snkSB 94721  |i snk2019/26628  |8 0  |0 0  |1 0  |4 0  |d 2019-10-18  |f 1  |l 0  |r 2025-05-14 00:00:00  |w 2026-02-24 
952 |a SNK  |b SNK  |y VYP  |7 0  |p 17A1391002  |o snkSB 94721 D1  |i snk2019/26629  |8 0  |0 0  |1 0  |4 0  |d 2019-10-18  |l 0  |r 2026-02-24 09:47:09  |w 2026-02-24